01552nam a2200337 a 4500001001000000003000500010005001700015008004100032010001100073011001100084040000900095090001000104100004100114245017600155260004100331500006000372502010900432590004000541590004000581590004000621650006100661650004700722650006700769856007000836901000700906942001000913942000600923999001900929952013100948952013501079000113976CHAP20220329144422.0171016s2017 mx sm |||||||spa d a110437 a111409 cCHAP aTesis1 aGuzmán Hernández, Javier913375810aControl y manejo químico del moho blanco (Sclerotinia sclerotiorum) en el cultivo velo de viuda (Campanula trachelium L.)h[En línea]cpor Javier Guzmán Hernández. aChapingo, Méx. :bEl autor,c2017. aPara ver el contenido del material haga clic en la liga aTesis (Ing. Agr. Esp. en Parasitología Agrícola) -- UACH. Departamento de Parasitología Agrícola aE6339RRRb05c20171016lUCH01h1121 aE6339RRRb05c20171016lUCH01h1121 aE6339RRRb05c20171016lUCH01h112214aHongos fitopatógenosxResistencia a fungicidas.95613314aSclerotinia sclerotiorumxControl.913364914aSclerotinia sclerotiorumxFisiología y morfología.9133757 aFinding aiduhttp://10.13.5.2/tesis/sist113976.pdfzTeclea aquí aBK cTESIS n0 c110437d110437 00104054718TESISaBCbBCd2017-10-16fTESISl0oTesisp113977-10r2019-12-31 00:00:00w2019-12-31yTESISzRecien adquirido 00102local4053708TESISaBCbBCcPA_TESISd2017-10-16fTESISl0oTesisp113977-20r2019-12-31 00:00:00tc.2w2019-12-31yTESIS